[Event "Ismagambetov Memorial 1st"]
[Site "Chess.com INT"]
[Date "2020.06.26"]
[Round "5"]
[White "Balabayeva, Kseniya"]
[Black "Kulyishov, Sain"]
[Result "1-0"]
[WhiteElo "2146"]
[BlackElo "1966"]
[PlyCount "75"]
[EventDate "2020.06.26"]
[EventType "swiss (blitz)"]
[EventRounds "11"]
[EventCountry "KAZ"]
[SourceTitle "CBM 197 Extra"]
[Source "ChessBase"]
[SourceDate "2020.09.30"]
[SourceVersion "1"]
[SourceVersionDate "2020.09.30"]
[SourceQuality "1"]

1. e4 d5 2. exd5 Qxd5 3. Nc3 Qd6 4. d4 c6 5. Nf3 Bg4 6. Be2 Nf6 7. h3 Bxf3 8. Bxf3 e6 9. Be3 Qc7 10. Qd2 Nbd7 11. 0-0 Nb6 12. b3 Bd6 13. Rae1 0-0 14. Qd3 Nbd5 15. Nxd5 Nxd5 16. Bd2 Bf4 17. c4 Bxd2 18. Qxd2 Nf6 19. Qc3 Rad8 20. Rd1 Rd7 21. a4 Rfd8 22. Rfe1 Qb6 23. d5 cxd5 24. c5 Qc6 25. Qd4 a5 26. Rc1 Re8 27. Qc3 Qc7 28. Be2 Rdd8 29. Bb5 Rf8 30. b4 axb4 31. Qxb4 Rc8 32. c6 bxc6 33. Rxc6 Qb7 34. Rec1 Rxc6 35. Rxc6 Rc8 36. Qc5 Rb8 37. Rc7 Qa8 38. Ra7 1-0

[Event "Ismagambetov Memorial 1st"]
[Site "Chess.com INT"]
[Date "2020.06.26"]
[Round "10"]
[White "Kulyishov, Sain"]
[Black "Kurmangalieva, Liya"]
[Result "0-1"]
[WhiteElo "1966"]
[BlackElo "1974"]
[PlyCount "94"]
[EventDate "2020.06.26"]
[EventType "swiss (blitz)"]
[EventRounds "11"]
[EventCountry "KAZ"]
[SourceTitle "CBM 197 Extra"]
[Source "ChessBase"]
[SourceDate "2020.09.30"]
[SourceVersion "1"]
[SourceVersionDate "2020.09.30"]
[SourceQuality "1"]

1. e4 c5 2. Nf3 Nc6 3. d4 cxd4 4. Nxd4 Nf6 5. Nc3 e5 6. Ndb5 d6 7. Nd5 Nxd5 8. exd5 Nb8 9. c4 Be7 10. Be2 0-0 11. 0-0 Nd7 12. Be3 f5 13. f3 a6 14. Nc3 Bf6 15. b4 e4 16. Bd4 exf3 17. Bxf3 Ne5 18. a4 Nxc4 19. Rc1 Bd7 20. a5 Rc8 21. Kh1 Re8 22. Bh5 g6 23. Bf3 Be5 24. Qd3 Qf6 25. Bxe5 Nxe5 26. Qd2 Qh4 27. Ne2 Rxc1 28. Rxc1 Bb5 29. Nd4 Bd3 30. Ne6 Be4 31. Bxe4 fxe4 32. Rc7 Ng4 33. g3 Qf6 34. Qe2 Ne5 35. Rxb7 Rc8 36. Rc7 Rxc7 37. Nxc7 Qg5 38. Ne6 Qc1+ 39. Kg2 e3 40. Nf4 Nc4 41. Kh3 g5 42. Nh5 Qd2 43. Qf3 Qf2 44. Nf6+ Kf7 45. Qxf2 exf2 46. Kg2 Kxf6 47. Kxf2 Ke5 0-1

[Event "Ismagambetov Memorial 1st"]
[Site "Chess.com INT"]
[Date "2020.06.26"]
[Round "3"]
[White "Primbetov, Kazbek"]
[Black "Kulyishov, Sain"]
[Result "1-0"]
[WhiteElo "2207"]
[BlackElo "1966"]
[PlyCount "135"]
[EventDate "2020.06.26"]
[EventType "swiss (blitz)"]
[EventRounds "11"]
[EventCountry "KAZ"]
[SourceTitle "CBM 197 Extra"]
[Source "ChessBase"]
[SourceDate "2020.09.30"]
[SourceVersion "1"]
[SourceVersionDate "2020.09.30"]
[SourceQuality "1"]

1. d4 d5 2. Nf3 Nf6 3. g3 Bf5 4. Bg2 e6 5. 0-0 h6 6. c4 c6 7. Qb3 Qb6 8. c5 Qxb3 9. axb3 a6 10. b4 Nbd7 11. Nc3 Ne4 12. Nd2 Nxd2 13. Bxd2 Rc8 14. f3 Be7 15. e4 Bg6 16. e5 0-0 17. f4 Rfe8 18. g4 f6 19. f5 Bf7 20. Rae1 Bd8 21. Bh3 Rc7 22. Bf4 Rc8 23. Bg3 Ra8 24. Kg2 Nf8 25. Ne2 Nh7 26. Nf4 Ng5 27. fxe6 Bxe6 28. Nxe6 Rxe6 29. exf6 Rxe1 30. f7+ Nxf7 31. Rxe1 Bf6 32. g5 Nxg5 33. Bf5 Kf7 34. h4 Ne4 35. h5 Rd8 36. Bc7 Ra8 37. Bg6+ Ke7 38. Bxe4 dxe4 39. Rxe4+ Kd7 40. Be5 Re8 41. Kf3 Bxe5 42. Rxe5 Rf8+ 43. Ke3 Rf7 44. Re4 Rf1 45. Rg4 Rf7 46. d5 Re7+ 47. Kd4 cxd5 48. Kxd5 Rf7 49. Kc4 Re7 50. b5 axb5+ 51. Kxb5 Rf7 52. b4 Kc8 53. Kb6 Rf6+ 54. Kb5 Rf7 55. Rg6 Re7 56. Kb6 Rf7 57. Kb5 Re7 58. Ka5 Rf7 59. b5 Rf5 60. Kb6 Rf7 61. c6 bxc6 62. bxc6 Re7 63. Rd6 Rf7 64. Rg6 Re7 65. Rg2 Rf7 66. Ra2 Kb8 67. Re2 Kc8 68. Re8# 1-0

[Event "Anapa op"]
[Site "Anapa"]
[Date "2009.09.08"]
[Round "9"]
[White "Kulyishov, Sain"]
[Black "Oganian, Miran"]
[Result "0-1"]
[WhiteElo "1949"]
[BlackElo "2024"]
[PlyCount "64"]
[EventDate "2009.08.31"]
[EventType "swiss"]
[EventRounds "9"]
[EventCountry "RUS"]
[SourceTitle "CBM 132 Extra"]
[Source "ChessBase"]
[SourceDate "2009.11.03"]
[SourceVersion "1"]
[SourceVersionDate "2009.11.03"]
[SourceQuality "1"]

1. e4 c5 2. Nf3 d6 3. d4 cxd4 4. Nxd4 Nf6 5. Nc3 g6 6. f3 Bg7 7. Be3 0-0 8. Qd2 Nc6 9. 0-0-0 d5 10. Nxc6 bxc6 11. exd5 Nxd5 12. Nxd5 cxd5 13. Qxd5 Qc7 14. Qxa8 Bf5 15. Qxf8+ Kxf8 16. Rd2 h5 17. Be2 Kg8 18. c4 Qa5 19. a3 Qa4 20. Rhd1 Qb3 21. Rd8+ Kh7 22. Kd2 Qxb2+ 23. Ke1 Qxa3 24. Kf2 a5 25. c5 Qc3 26. Rc1 Qb2 27. Ra8 Bd3 28. Re1 Bc3 29. Kf1 Bxe1 30. Bxd3 Bc3 31. c6 Qa1+ 32. Kf2 Qe1# 0-1

[Event "Anapa op"]
[Site "Anapa"]
[Date "2009.09.02"]
[Round "3"]
[White "Zubanov, Boris"]
[Black "Kulyishov, Sain"]
[Result "1-0"]
[WhiteElo "2035"]
[BlackElo "1949"]
[PlyCount "143"]
[EventDate "2009.08.31"]
[EventType "swiss"]
[EventRounds "9"]
[EventCountry "RUS"]
[SourceTitle "CBM 132 Extra"]
[Source "ChessBase"]
[SourceDate "2009.11.03"]
[SourceVersion "1"]
[SourceVersionDate "2009.11.03"]
[SourceQuality "1"]

1. e4 c5 2. Nf3 a6 3. d4 cxd4 4. Nxd4 Nf6 5. Nc3 d6 6. Be3 e5 7. Nb3 Be6 8. f3 Nbd7 9. Qd2 Be7 10. g4 0-0 11. 0-0-0 b5 12. Kb1 Nb6 13. Bxb6 Qxb6 14. g5 Nh5 15. Nc1 b4 16. Na4 Qc6 17. b3 Rfc8 18. Bd3 Nf4 19. h4 Bd7 20. Bc4 Qc7 21. Nb2 a5 22. Ncd3 Ne6 23. Bxe6 Bxe6 24. f4 Qc6 25. f5 Bd7 26. Rde1 Qc7 27. f6 Bf8 28. h5 a4 29. Nxb4 axb3 30. cxb3 Qa5 31. N2d3 Be6 32. Qb2 gxf6 33. gxf6 Bh6 34. Re2 Kh8 35. Rc2 Rg8 36. Nc6 Qb5 37. Nc1 Be3 38. Ne2 Rg4 39. Qc3 Bc5 40. Nxe5 Rxe4 41. Nd3 Re3 42. Nec1 Bf5 43. Rd1 Ba3 44. Qc6 Qxc6 45. Rxc6 Bxc1 46. Kxc1 Rxd3 47. Rxd3 Bxd3 48. Rxd6 Be2 49. h6 Kg8 50. a4 Kf8 51. Kd2 Bf1 52. Kc3 Ke8 53. Rd1 Rc8+ 54. Kb4 Bh3 55. Rd3 Bf5 56. Rd6 Be6 57. Rb6 Kd7 58. a5 Kc7 59. Kc5 Rd8 60. Rc6+ Kb7 61. Rb6+ Ka7 62. b4 Rd5+ 63. Kc6 Rf5 64. Rb7+ Ka8 65. Re7 Rxf6 66. b5 Bc8+ 67. Kc7 Bb7 68. b6 Rc6+ 69. Kd7 Rc8 70. Rxf7 Rh8 71. Kd6 Ba6 72. Ra7+ 1-0

[Event "Anapa op"]
[Site "Anapa"]
[Date "2009.08.31"]
[Round "1"]
[White "Kulyishov, Sain"]
[Black "Matsenko, Elena"]
[Result "1-0"]
[WhiteElo "1949"]
[BlackElo "2049"]
[PlyCount "110"]
[EventDate "2009.08.31"]
[EventType "swiss"]
[EventRounds "9"]
[EventCountry "RUS"]
[SourceTitle "CBM 132 Extra"]
[Source "ChessBase"]
[SourceDate "2009.11.03"]
[SourceVersion "1"]
[SourceVersionDate "2009.11.03"]
[SourceQuality "1"]

1. e4 c5 2. c3 Nf6 3. e5 Nd5 4. Nf3 Nc6 5. Bc4 Nb6 6. Bb3 c4 7. Bc2 Qc7 8. Qe2 g5 9. e6 dxe6 10. Nxg5 Qe5 11. Ne4 f5 12. Ng3 Qxe2+ 13. Kxe2 Bh6 14. b3 Bd7 15. Na3 Ne5 16. Nh5 Bc6 17. Rg1 Rg8 18. f4 Nd3 19. Nxc4 Nxf4+ 20. Nxf4 Bxf4 21. g3 Nxc4 22. bxc4 b6 23. Re1 Bd6 24. Kf2 Kf7 25. d4 f4 26. Rg1 fxg3+ 27. hxg3 h5 28. Be3 Kg7 29. Rae1 Rgf8+ 30. Ke2 Bf3+ 31. Kd2 Bg4 32. Be4 Rfc8 33. Bd3 Rf8 34. Ref1 Rxf1 35. Bxf1 Rf8 36. c5 Bxg3 37. Rxg3 Rxf1 38. c6 Rf8 39. c7 Kg6 40. Bf4 Kf5 41. Be5 h4 42. Rg1 Kg5 43. Rf1 Bf5 44. Rg1+ Bg4 45. a4 h3 46. a5 b5 47. Rb1 a6 48. c4 Bf3 49. cxb5 Bb7 50. bxa6 Bxa6 51. Rb6 Rf2+ 52. Kc3 h2 53. Bxh2 Rxh2 54. Rxa6 Rh8 55. Rc6 Rc8 1-0